000 01528namaa22003131i 4500
005 20260302123519.0
008 260120s1995 ua a|||frm||| 000 0 eng d
040 _aEG-GICUC
_beng
_cEG-GICUC
_dEG-GICUC
_erda
041 0 _aeng
_beng
_bara
049 _aDeposit
097 _aPh.D
099 _aCai01.16.01.Ph.D.1995.Ze.S
100 0 _aZeinab Mohamed Saleh Abd El-Moien,
_epreparation.
245 1 0 _aSome comparative anatomical studies of the abdominal wall in carnivores (Dog), small ruminants (Goat) and equines (Donkey) /
_cBy Zeinab Mohamed Saleh Abd El-Moien; Supervision Prof. Dr. M.S. El-Din M. Moustafa, Dr. M. R. A. Gad
246 1 5 _aبعض الدراسات التشريحية المقارنة علي جدار البطن في اللاحمات (الكلاب) المجترات الصغيرة (الماعز) والفصيلة الخيلية (الحمير)
264 0 _c1995.
300 _a218 Leaves :
_billustrations
_c30 cm. +
336 _2rda content
_atext
337 _2rdamedia
_aUnmediated
338 _2rdacarrier
_avolume
502 _aThesis (Ph.D.)-Cairo University, 1995.
504 _aBibliography: pages 204-218
653 0 _aabdominal wall in carnivores (Dog)equines (Donkey)
_asmall ruminants (Goat)
700 0 _aM.S. El-Din M. Moustafa
_ethesis advisor.
700 0 _aM. R. A. Gad
_ethesis advisor.
900 _DDepartment of Anatomy
_FFaculty of Veterinary Medicine
_UCairo University
_b1995
_cM.S. El-Din M. Moustafa
_c M. R. A. Gad
905 _aNehad
_eNourhan
942 _2ddc
_cTH
_e21
_n0
999 _c177884